000 00318nam a2200133Ia 4500
005 20251222155126.0
008 251222s9999||||xx |||||||||||||| ||spa||
082 _aING. 05.1
100 _aJACK C. Richards.
245 0 _aInterChange Video Activity Book
250 _a1ra. ed.
264 _bCambriadge
942 _cLIB
999 _c38608
_d38608